00381nam a2200145Ia 4500008004100000020001500041082001300056100001900069245006600088250000800154260002500162300001200187500002400199650001200223230524s9999 xx 000 0 und d a8120321006 a6.4bJON aJohn Uffenbeck 0a"Microcomputers and Microprocessors (The 8080, 8085, Z-80..)" a2ND aNEW DELHIbPHIc1999 aXIV;690 aQuantity Number: 3 aComp-Sc